000 00390nam a2200121Ia 4500
008 220620s9999||||xx |||||||||||||| ||und||
245 0 _aCrystallization
_bScience and Technology
546 _aEnglish[eng]
650 _aSolid state chemistry
700 _aRubens Barsi Andreeta, Marcello
856 _uhttps://mts.intechopen.com/storage/books/1980/authors_book/authors_book.pdf
942 _cEB
999 _c26268
_d26268